Statistiques concernant Focus sur: Molly Weasley II - Harry Potter

Cliquez ici pour prendre le quiz!

Statistiques générales

  • Ce quiz a été pris 77 fois
  • Le résultat moyen est 4 sur 5

Statistiques - réponses

Informations recherchéesRéponses% Correct
Ecole fréquentéePoudlard
97%
PèrePercy Weasley
87%
SœurLucy Weasley
61%
MèreAudrey Weasley
58%
Première mention
(documentaire)
Une année dans la vie de J.K. Rowling
51%

Distribution des résultats

Percentile par nombre de réponses

% des personnes avec chaque résultat

Votre développement - résultats

Vous n’avez pas pris ce quiz